000 00708nam a2200241Ia 4500
005 20251020182506.0
008 200515s9999 xx 000 0 und d
020 _a9972-2511-1-X
082 _a628.1/.3(85)/S94
110 _aSuperintendencia Nacional de Servicios de Saneamiento ; Agencia de Cooperación Internacional del Japón
245 0 _aAnálisis de la calidad del agua potable en las empresas prestadoras del Perú : 1995 - 2003
260 _aLima
260 _bSunass ; JICA
260 _c2004
300 _a357 p.
300 _bil., tbl., graf., fot., col.
500 _a1 ejemplar
650 _aAGUA
650 _aAGUA POTABLE
650 _aPERU
942 _cLIB
999 _c1277
_d1277